Financing hospital care in the United States /

Bibliographic Details
Corporate Author: Commission on Financing of Hospital Care
Other Authors: Hayes, John H., 1890-
Format: Book
Language:English
Published: New York : Blakiston Co., [1954-]
Subjects:

MARC

Tag First Indicator Second Indicator Subfields
LEADER 00000cam a2200000 4500
001 in00000064149
005 20151008051204.0
008 730503m19549999nyu b 00000 eng u
010 |a  54011559  
035 |a (OCoLC)00615948 
035 |9 AAG6318AM 
040 |c TEU  |d MCL  |d TXA  |d UtOrBLW 
049 |a TXAM  |c 1 [266874]  |c 2  |v 1 [266795]  
050 0 |a RA971.3  |b .C6 
092 |a 362.1  |b C734f 
110 2 |a Commission on Financing of Hospital Care. 
245 1 0 |a Financing hospital care in the United States /  |c edited by John H. Hayes [director]. 
264 1 |a New York :  |b Blakiston Co.,  |c [1954-] 
300 |a  volumes :  |b diagrams ;  |c 24 cm. 
336 |a text  |b txt  |2 rdacontent 
337 |a unmediated  |b n  |2 rdamedia 
338 |a volume  |b nc  |2 rdacarrier 
504 |a Includes bibliographies. 
505 0 |a v.1. Factors affecting the costs of hospital care. 
650 0 |a Hospitals  |x Administration  |x Costs. 
650 0 |a Medical care, Cost of. 
700 1 |a Hayes, John H.,  |d 1890- 
999 |a MARS 
999 f f |s ad83f60c-e10c-3652-b53a-72b22f3498d5  |i c8c323f7-13a8-35c4-84f8-68cd03efc01b  |t 0 
952 f f |p ric  |a Texas A&M University  |b Rellis Campus  |c Joint Library Facility  |d Remote Storage  |t 0  |e RA971.3 C6  |h Library of Congress classification  |i unmediated -- volume  |k v.3  |m A14800809752 
952 f f |p ric  |a Texas A&M University  |b Rellis Campus  |c Joint Library Facility  |d Remote Storage  |t 0  |e RA971.3 C6  |h Library of Congress classification  |i unmediated -- volume  |k v.2  |m A14800809744 
998 f f |a RA971.3 C6  |s v.2-3  |t 0  |l Remote Storage